000 00451nam a2200181Ia 4500
001 19496
005 20260306172657.0
008 260306t2013||||xx |||||||||||||| ||spa||
041 _aESP
082 _a340.092
_bA68
100 _aArce Espinoza, Mario Rommel
_eAUT
245 0 _aJuristas arequipeños:
_bpilares de la cultura jurídica nacional
260 _c2013
300 _a
_c
650 _aGEN
654 _aCDE
942 _cLIB
_dJUS
_fJUS
_2ddc
_n
999 _c19496
_d19496